000 00691nam a22002297a 4500
001 BD-DhSAU 583
003 BD-DhSAU
005 20150105003026.0
008 150105b xxu||||| |||| 00| 0 eng d
020 _a8170193494
040 _cBD-DhSAU
082 _222
_a632
_bPLA
100 _aRaychaudhuri,S.P. [EDITORS]
245 _aPlant diseases caused by fastidious prokaryotes:
_blll Regional workshop on plant mycoplasma/
260 _aNew delhi:
_bTomorrow /scholarly publications;
_c1989.
300 _aviii
_bill. ,
_c25 cm.
504 _aIncludes bibliography and index
590 _aIMRAN
650 _aPlant pathology
650 _aPlant diseases
700 _aVerma,Anupam [editor]
942 _2ddc
_cBOOK
999 _c583
_d583